[Event "FRA-ch U12"]
[Site "Agen"]
[Date "2024.04.18"]
[Round "6"]
[White "Sagi, Elisha"]
[Black "Bauer, Pierre"]
[Result "1-0"]
[WhiteElo "1896"]
[BlackElo "1849"]
[PlyCount "63"]
[EventDate "2024.04.14"]
[EventType "swiss"]
[EventRounds "9"]
[EventCountry "FRA"]
[SourceTitle "EXT 2025"]
[Source "ChessBase"]
[SourceDate "2024.10.14"]
[SourceVersion "1"]
[SourceVersionDate "2024.10.14"]
[SourceQuality "1"]

1. e4 c5 2. Nf3 g6 3. d4 cxd4 4. Nxd4 Bg7 5. Nc3 Nc6 6. Nde2 d6 7. h3 Nf6 8. g3 0-0 9. Bg2 Bd7 10. 0-0 Rb8 11. a4 a6 12. Be3 b5 13. axb5 axb5 14. Nd5 Ne8 15. Nd4 Nxd4 16. Bxd4 f5 17. Ba7 Rb7 18. exf5 Bxf5 19. Nf6+ Bxf6 20. Qd5+ Kh8 21. Qxb7 Bxb2 22. Rab1 Bg7 23. Rxb5 e6 24. Qb8 Qxb8 25. Rxb8 Bxc2 26. Rc1 Ba4 27. Rc4 Bd7 28. Rb7 d5 29. Rc1 Nf6 30. Rcc7 e5 31. g4 Rc8 32. Rxc8+ 1-0